[Event "Cto Aragón Equipos Pref Gr II"]
[Site "Aragon"]
[Date "2014.03.15"]
[Round "8.59"]
[White "Cebollada Pacheco, Jesus Raul"]
[Black "Planas Torrea, Alberto"]
[Result "1-0"]
[WhiteElo "2031"]
[BlackElo "1920"]
[PlyCount "77"]
[EventDate "2014.??.??"]
[WhiteTeam "St. Casablanca C"]
[BlackTeam "Ejea"]

1. e4 e5 2. Nf3 Nc6 3. Bb5 Nge7 4. Nc3 d6 5. d4 exd4 6. Nxd4 Bd7 7. O-O Nxd4 8.
Qxd4 Bxb5 9. Nxb5 Nc6 10. Qa4 Be7 11. Nd4 Qd7 12. Nxc6 Qxc6 13. Qxc6+ bxc6 14.
Bf4 O-O 15. Rad1 Rab8 16. b3 Bf6 17. c4 Rfe8 18. Rfe1 g5 19. Bg3 c5 20. e5 Bxe5
21. Bxe5 Rxe5 22. Rxe5 dxe5 23. Rd5 f6 24. Kf1 Rf8 25. Ke2 Rf7 26. Rxc5 Kg7 27.
Rc6 h5 28. Ra6 Kg6 29. Rxa7 Kf5 30. b4 Rd7 31. b5 Rd4 32. Rxc7 Re4+ 33. Kf1 Rd4
34. b6 Rd1+ 35. Ke2 Rb1 36. c5 Rb2+ 37. Ke3 Rxa2 38. Ra7 Rb2 39. b7 1-0

[Event "Cto Aragón Equipos Pref Gr II"]
[Site "Aragon"]
[Date "2014.03.15"]
[Round "8.60"]
[White "Marcellan Peire, Jesus Eduardo"]
[Black "Calvo Mayayo, Jose Maria"]
[Result "1-0"]
[WhiteElo "1886"]
[BlackElo "1931"]
[PlyCount "65"]
[EventDate "2014.??.??"]
[WhiteTeam "Ejea"]
[BlackTeam "St. Casablanca C"]

1. d4 Nf6 2. c4 g6 3. Nc3 Bg7 4. e4 d6 5. f3 Nbd7 6. Be3 O-O 7. Bd3 e5 8. Nge2
exd4 9. Nxd4 Ne5 10. O-O Bd7 11. Be2 Nc6 12. Rc1 a6 13. a3 Nxd4 14. Bxd4 Bc6
15. b4 b6 16. Qd2 Re8 17. Rfd1 a5 18. b5 Bb7 19. Qc2 Rc8 20. c5 bxc5 21. Bxc5
Nd7 22. Bf2 Nb6 23. Qb3 Qe7 24. Na4 Nd7 25. Bc4 Be5 26. Bd5 Bxd5 27. exd5 Qg5
28. Re1 Nf6 29. Qc4 Bf4 30. Rcd1 Rxe1+ 31. Rxe1 Nxd5 32. h4 Be3 33. hxg5 1-0

[Event "Cto Aragón Equipos Pref Gr II"]
[Site "Aragon"]
[Date "2014.03.15"]
[Round "8.62"]
[White "Bailo Remacha, Santiago"]
[Black "Landa Garriga, Francisco Javie"]
[Result "1-0"]
[WhiteElo "2016"]
[BlackElo "1857"]
[PlyCount "71"]
[EventDate "2014.??.??"]
[WhiteTeam "El Olivar C"]
[BlackTeam "ONCE CA Aragon B"]

1. c4 Nf6 2. Nc3 g6 3. Nf3 Bg7 4. g3 O-O 5. Bg2 d6 6. d4 Nc6 7. O-O e5 8. d5
Ne7 9. e4 Ne8 10. Be3 f5 11. Qd2 Nf6 12. exf5 Bxf5 13. Nh4 Qd7 14. Nxf5 Nxf5
15. Bh3 Qf7 16. f4 e4 17. g4 Nxe3 18. Qxe3 Qe7 19. g5 Nd7 20. Be6+ Kh8 21. Nxe4
c5 22. Qe2 Bd4+ 23. Kg2 a6 24. a4 a5 25. Rae1 Rae8 26. h4 b6 27. b3 Nb8 28. h5
Kg7 29. Qg4 Na6 30. Ng3 Qc7 31. f5 gxf5 32. Nxf5+ Kh8 33. Nxd4 cxd4 34. h6 Qc5
35. Bf7 Rg8 36. Qf4 1-0

[Event "Cto Aragón Equipos Pref Gr II"]
[Site "Aragon"]
[Date "2014.03.15"]
[Round "8.63"]
[White "Carilla Garcia, Angel"]
[Black "Bayod Rubia, Angel"]
[Result "0-1"]
[WhiteElo "1832"]
[BlackElo "2002"]
[PlyCount "94"]
[EventDate "2014.??.??"]
[WhiteTeam "ONCE CA Aragon B"]
[BlackTeam "El Olivar C"]

1. c4 e5 2. Nc3 Nf6 3. g3 d6 4. Bg2 c6 5. Nf3 Be7 6. O-O O-O 7. Qc2 Bg4 8. h3
Bh5 9. d3 Ne8 10. Nh2 Nd7 11. f4 exf4 12. Bxf4 Bg5 13. Qd2 Bxf4 14. Rxf4 Nc5
15. Raf1 Ne6 16. R4f2 Nf6 17. Ne4 Nxe4 18. Bxe4 Ng5 19. Bg2 Bg6 20. Nf3 Nxf3+
21. Bxf3 Qe7 22. e4 Rfe8 23. h4 h6 24. h5 Bh7 25. Bg2 f6 26. Rf4 Qf7 27. Bf3
Re5 28. d4 Rg5 29. Be2 Rxg3+ 30. Kh2 Rg5 31. Qb4 Qc7 32. Bg4 Re8 33. d5 c5 34.
Qc3 Ree5 35. Qf3 Qe7 36. Be6+ Kh8 37. Rh4 Bg8 38. Bf5 Bf7 39. Rg1 Bg8 40. Rxg5
fxg5 41. Rg4 Bh7 42. Rg2 Bxf5 43. exf5 Re3 44. f6 gxf6 45. Qf2 Qe5+ 46. Kh1
Re1+ 47. Rg1 Re2 0-1

[Event "Cto Aragón Equipos Pref Gr II"]
[Site "Aragon"]
[Date "2014.03.15"]
[Round "8.64"]
[White "Labrador Postigo, Francisco M"]
[Black "Soriano Gracia, Manuel"]
[Result "0-1"]
[WhiteElo "1911"]
[BlackElo "1782"]
[PlyCount "118"]
[EventDate "2014.??.??"]
[WhiteTeam "El Olivar C"]
[BlackTeam "ONCE CA Aragon B"]

1. d4 d5 2. Nf3 Nf6 3. g3 Bf5 4. c4 c6 5. Bg2 dxc4 6. O-O e6 7. Nc3 Nd5 8. Ne5
Nb6 9. e4 Bg6 10. d5 Qc7 11. Bf4 Bd6 12. Nxg6 hxg6 13. e5 Bb4 14. dxe6 fxe6 15.
Qg4 Qf7 16. Be4 Kd8 17. Bxg6 Qg8 18. Bg5+ Kc7 19. Ne2 N8d7 20. Bf4 Nd5 21. Nd4
Nxf4 22. gxf4 Nc5 23. Rac1 c3 24. bxc3 Ba5 25. Rfd1 Rd8 26. f5 exf5 27. Qxf5
Rf8 28. Qg5 Qxa2 29. Qe7+ Kb8 30. Rc2 Qa3 31. Ne6 Qa4 32. Nd4 Bb6 33. Rb1 Qc4
34. Rb4 Qd5 35. Qd6+ Qxd6 36. exd6 Rh6 37. Bf5 Na6 38. Rb1 Bxd4 39. d7 Bb6 40.
Bg4 Rg6 41. h3 Nc5 42. Kh2 Bc7+ 43. Kg2 Nxd7 44. Re2 Ne5 45. f3 Rgf6 46. Rbe1
Re8 47. Re4 Ref8 48. Rxe5 Bxe5 49. Rxe5 R6f7 50. Kf2 Kc7 51. Ke3 Kd6 52. Re6+
Kd5 53. Re4 Kc5 54. c4 a5 55. Re5+ Kb4 56. c5 a4 57. Kd2 a3 58. Kc2 Rf4 59. Re7
R8f7 0-1

[Event "Cto Aragón Equipos Pref Gr II"]
[Site "Aragon"]
[Date "2014.03.15"]
[Round "8.65"]
[White "Baron Rodriguez, Jesus"]
[Black "Hinojar Basa, Alfonso"]
[Result "1-0"]
[WhiteElo "2435"]
[BlackElo "2201"]
[PlyCount "71"]
[EventDate "2014.??.??"]
[WhiteTeam "IberCaja B "]
[BlackTeam "Marcos Frechin"]

1. d4 Nf6 2. c4 c5 3. e3 e6 4. Nc3 b6 5. Nf3 Bb7 6. Bd3 d6 7. O-O Be7 8. b3 O-O
9. Bb2 Nbd7 10. Rc1 a6 11. Qe2 Qc7 12. Rfd1 Rad8 13. Bb1 Rfe8 14. a3 Bf8 15. b4
Qb8 16. d5 exd5 17. Nxd5 Nxd5 18. cxd5 g6 19. h4 Bg7 20. Bxg7 Kxg7 21. Qb2+ Kg8
22. h5 Ne5 23. Nxe5 Rxe5 24. h6 f6 25. bxc5 bxc5 26. e4 Rf8 27. Bd3 Rf7 28. Rc3
Qf8 29. Rb3 Ree7 30. Rb6 Qxh6 31. Rxd6 Qf4 32. Rb6 f5 33. d6 Rd7 34. Re1 fxe4
35. Bc4 h6 36. Rxb7 1-0

[Event "Cto Aragón Equipos Pref Gr II"]
[Site "Aragon"]
[Date "2014.03.15"]
[Round "8.66"]
[White "Sebastian Bespin, Ruben"]
[Black "Gines Abad, Pedro"]
[Result "1-0"]
[WhiteElo "2153"]
[BlackElo "2003"]
[PlyCount "113"]
[EventDate "2014.??.??"]
[WhiteTeam "Marcos Frechin"]
[BlackTeam "IberCaja B "]

1. e4 d5 2. exd5 Qxd5 3. Nf3 Bg4 4. Be2 c6 5. d4 e6 6. c4 Qd6 7. Nc3 Nf6 8. Be3
Nbd7 9. a3 Be7 10. O-O O-O 11. b4 Rfe8 12. h3 Bh5 13. g3 e5 14. d5 cxd5 15.
cxd5 e4 16. Bf4 exf3 17. Bxd6 fxe2 18. Nxe2 Bxd6 19. Re1 Ne5 20. Kg2 Nf3 21. g4
Nxe1+ 22. Qxe1 Bg6 23. Qd2 Rac8 24. Rc1 Rxc1 25. Nxc1 Rc8 26. Ne2 Be4+ 27. f3
Rc2 28. Qd1 Bg6 29. h4 Bf4 30. Kh3 Rd2 31. Qc1 Rxe2 32. Qxf4 h5 33. d6 hxg4+
34. fxg4 Re4 35. Qd2 Nd7 36. h5 Bh7 37. Qg5 f6 38. Qb5 Re3+ 39. Kh2 Nb6 40. d7
Nxd7 41. Qxd7 Kh8 42. Qxb7 Rxa3 43. Qa8+ Bg8 44. b5 Ra4 45. Kg3 Rb4 46. Qb8 Kh7
47. Qe8 Kh8 48. Qf8 Rb3+ 49. Kf4 Rxb5 50. h6 g5+ 51. Ke3 Rb7 52. Qxf6+ Kh7 53.
Qxg5 Be6 54. Qf4 Rb3+ 55. Kd2 Rb6 56. g5 Rb7 57. Qe4+ 1-0

[Event "Cto Aragón Equipos Pref Gr II"]
[Site "Aragon"]
[Date "2014.03.15"]
[Round "8.67"]
[White "Gines Esteo, Pedro Antonio"]
[Black "Portero Garnica, Miguel Angel"]
[Result "0-1"]
[WhiteElo "1778"]
[BlackElo "2124"]
[PlyCount "90"]
[EventDate "2014.??.??"]
[WhiteTeam "IberCaja B "]
[BlackTeam "Marcos Frechin"]

1. e4 e5 2. Nf3 Nc6 3. Bb5 a6 4. Ba4 Nf6 5. O-O Nxe4 6. d4 b5 7. Bb3 d5 8. dxe5
Be6 9. Be3 Be7 10. Nbd2 Nc5 11. Bxc5 Bxc5 12. c3 O-O 13. Bc2 f6 14. Nb3 Bb6 15.
Qd3 g6 16. Nbd4 Bxd4 17. Nxd4 Qd7 18. Nxe6 Qxe6 19. exf6 Rxf6 20. Bb3 Rd8 21.
Rae1 Qf7 22. Re2 Na5 23. Rfe1 Rd7 24. Qd4 Nc6 25. Qg4 Kg7 26. Re6 Rd6 27. Rxd6
Rxd6 28. Qc8 Nd8 29. Qg4 c5 30. Qg3 Qf6 31. Qe5 c4 32. Bd1 Qxe5 33. Rxe5 Kf6
34. f4 Nc6 35. Re8 d4 36. cxd4 Nxd4 37. Rf8+ Kg7 38. Re8 Kf7 39. Rc8 h6 40.
Rc7+ Kf6 41. Kf2 Ne6 42. Ra7 Rxd1 43. Rxa6 Rd2+ 44. Ke3 Rxb2 45. Ke4 Rxg2 0-1

[Event "Cto Aragón Equipos Pref Gr II"]
[Site "Aragon"]
[Date "2014.03.15"]
[Round "8.68"]
[White "Sancho Cortes, Miguel Angel"]
[Black "Torcal Miguel, Oscar"]
[Result "0-1"]
[WhiteElo "2050"]
[BlackElo "1766"]
[PlyCount "146"]
[EventDate "2014.??.??"]
[WhiteTeam "Marcos Frechin"]
[BlackTeam "IberCaja B "]

1. e4 c5 2. Nf3 d6 3. Bb5+ Bd7 4. Bxd7+ Qxd7 5. O-O g6 6. c3 Bg7 7. d4 cxd4 8.
cxd4 Nc6 9. Nc3 Nf6 10. Be3 Ng4 11. Bf4 O-O 12. h3 Nf6 13. d5 Nb4 14. Rc1 Rac8
15. Be3 a5 16. Bb6 Bh6 17. Ra1 a4 18. a3 Na6 19. Re1 Rc4 20. Qd3 Rcc8 21. Nd4
Nc5 22. Bxc5 Rxc5 23. Rad1 Rfc8 24. Qg3 Nh5 25. Qh4 Bg7 26. Qg4 Qe8 27. Nde2 b5
28. f4 Rc4 29. Qf3 Rb8 30. g4 Nf6 31. Qd3 Qc8 32. e5 Ne8 33. Nd4 Qc5 34. Kg2 b4
35. Nxa4 Qxd5+ 36. Qe4 Qxe4+ 37. Rxe4 bxa3 38. b3 Rc7 39. Re2 dxe5 40. fxe5 Rd8
41. Nb6 Rb7 42. Nc4 Rxb3 43. Nxb3 Rxd1 44. Ra2 Re1 45. Rxa3 Nc7 46. Ra7 Nd5 47.
Kf2 Rh1 48. Kg2 Rb1 49. Nbd2 Rc1 50. Kf3 Bh6 51. Rd7 e6 52. Ke2 Nf4+ 53. Kf3
Nxh3 54. Ne4 Rxc4 55. Nf6+ Kg7 56. Rd8 Rf4+ 57. Kg3 Rxf6 58. exf6+ Kxf6 59.
Kxh3 Bg7 60. Rd7 e5 61. Kg3 Ke6 62. Rb7 Bh6 63. Kf3 Bf4 64. Rb6+ Ke7 65. Rb7+
Kf6 66. Ke4 h5 67. gxh5 gxh5 68. Rb8 h4 69. Rb3 Kg5 70. Rb7 h3 71. Rxf7 h2 72.
Rh7 Kg4 73. Rh8 Kg3 0-1

[Event "Cto Aragón Equipos Pref Gr II"]
[Site "Aragon"]
[Date "2014.03.15"]
[Round "8.69"]
[White "Ferreruela Romero, Jose Joaqui"]
[Black "Turon Perez, David"]
[Result "1/2-1/2"]
[WhiteElo "2001"]
[BlackElo "1924"]
[PlyCount "105"]
[EventDate "2014.??.??"]
[WhiteTeam "Calatayud"]
[BlackTeam "Tauste B"]

1. d4 d5 2. c4 c6 3. Nf3 Nf6 4. Nc3 e6 5. Bg5 Bb4 6. cxd5 exd5 7. a3 Bxc3+ 8.
bxc3 Qa5 9. Bd2 Ne4 10. c4 Nxd2 11. Qxd2 Qxd2+ 12. Nxd2 O-O 13. e3 Bf5 14. Be2
Nd7 15. O-O Nf6 16. Rfc1 Rac8 17. Rc3 c5 18. Bf3 cxd4 19. exd4 Rc7 20. c5 b6
21. Rac1 Rfc8 22. h3 h6 23. g4 Be6 24. Be2 g5 25. Ba6 Rb8 26. Rb1 Nd7 27. c6
Nf6 28. Rbc1 Kg7 29. a4 Ne8 30. Rb3 Nd6 31. Kg2 Nc4 32. Nxc4 dxc4 33. Rb5 Rd8
34. Rd1 c3 35. Bb7 Rxd4 36. Rc1 Rd8 37. a5 Bd5+ 38. Rxd5 Rxd5 39. axb6 axb6 40.
Rxc3 Rc5 41. Rb3 R5xc6 42. Bxc6 Rxc6 43. Kg3 Kf6 44. f4 Ke6 45. h4 gxh4+ 46.
Kxh4 Kd5 47. Rb5+ Kc4 48. Rf5 b5 49. Rxf7 b4 50. Rb7 b3 51. Kh5 Kc3 52. g5 hxg5
53. fxg5 1/2-1/2

[Event "Cto Aragón Equipos Pref Gr II"]
[Site "Aragon"]
[Date "2014.03.15"]
[Round "8.70"]
[White "Muro Turon, Raul"]
[Black "Sanmiguel Mateo, Luis"]
[Result "1/2-1/2"]
[WhiteElo "1870"]
[BlackElo "1900"]
[PlyCount "60"]
[EventDate "2014.??.??"]
[WhiteTeam "Tauste B"]
[BlackTeam "Calatayud"]

1. e4 c6 2. d4 d5 3. exd5 cxd5 4. Bd3 Nc6 5. c3 Nf6 6. Bf4 g6 7. Nd2 Bg7 8.
Ngf3 Bg4 9. Qb3 Qb6 10. Qxb6 axb6 11. O-O O-O 12. Rfe1 Rfc8 13. Ne5 Nxe5 14.
Bxe5 Bd7 15. Nf3 e6 16. h3 Ne8 17. Bg3 f6 18. a3 Kf7 19. h4 h6 20. h5 g5 21.
Bg6+ Kg8 22. Re2 f5 23. Ne5 Bxe5 24. Bxe5 Rc6 25. Rae1 Nd6 26. Bxd6 Rxd6 27.
Re5 Rf8 28. g3 Rf6 29. f4 g4 30. Kf2 Kf8 1/2-1/2

[Event "Cto Aragón Equipos Pref Gr II"]
[Site "Aragon"]
[Date "2014.03.15"]
[Round "8.71"]
[White "Belmonte Barragan, Avelino"]
[Black "Garcia Montolar, Cesar"]
[Result "0-1"]
[WhiteElo "1784"]
[BlackElo "1836"]
[PlyCount "112"]
[EventDate "2014.??.??"]
[WhiteTeam "Calatayud"]
[BlackTeam "Tauste B"]

1. e4 d6 2. d4 g6 3. f4 Bg7 4. Nc3 Nc6 5. e5 dxe5 6. fxe5 Qxd4 7. Nf3 Qxd1+ 8.
Nxd1 Nxe5 9. Nxe5 Bxe5 10. Bc4 Nf6 11. O-O c6 12. c3 e6 13. Bg5 Nd5 14. Ne3 Bc7
15. Ng4 f5 16. Nf6+ Kf7 17. Ne4 h6 18. Bd2 Kg7 19. Ng3 Re8 20. Bb3 e5 21. c4
Nf6 22. Rae1 e4 23. Bc3 Be5 24. Ne2 c5 25. Ba4 Bd7 26. Bxe5 Rxe5 27. Bxd7 Nxd7
28. Rd1 Nf6 29. Rd6 Rae8 30. Rfd1 e3 31. Nf4 Re4 32. Nd5 Rd4 33. Re1 Nxd5 34.
cxd5 Re7 35. Kf1 Kf7 36. Re2 b5 37. g3 a5 38. Kg2 Re5 39. Rb6 Rb4 40. b3 a4 41.
Re6 Rxe6 42. dxe6+ Ke7 43. Rxe3 axb3 44. axb3 Re4 45. Rc3 Re5 46. Kf3 Kxe6 47.
Rd3 c4 48. bxc4 bxc4 49. Rd1 Re4 50. h3 Ke5 51. Rd8 g5 52. g4 Rf4+ 53. Kg3 fxg4
54. hxg4 Rf6 55. Rd1 Ke4 56. Kg2 c3 0-1

[Event "Cto Aragón Equipos Pref Gr II"]
[Site "Aragon"]
[Date "2014.03.15"]
[Round "8.72"]
[White "San Lazaro Lorente, David"]
[Black "Garcia Arrazola, Jesus Maria"]
[Result "0-1"]
[WhiteElo "1778"]
[BlackElo "1641"]
[PlyCount "72"]
[EventDate "2014.??.??"]
[WhiteTeam "Tauste B"]
[BlackTeam "Calatayud"]

1. d4 d5 2. Nf3 e6 3. e3 c5 4. c3 Nf6 5. Bd3 Bd6 6. Nbd2 Nc6 7. O-O Qc7 8. dxc5
Bxc5 9. e4 b6 10. Qa4 Bd7 11. Qc2 Bd6 12. exd5 Nxd5 13. Ne4 Bf4 14. Bc4 Ne5 15.
Bxf4 Nxf3+ 16. gxf3 Qxf4 17. Qe2 O-O 18. Ng3 Bc6 19. Qe4 Qh6 20. Bxd5 Bxd5 21.
Qe2 Qg6 22. Kh1 f5 23. Rg1 Qg4 24. Ne4 Qf4 25. Nd2 Rad8 26. c4 Qxd2 27. Rxg7+
Kxg7 28. Qe5+ Kf7 29. Qc7+ Kf6 30. cxd5 Qxd5 31. Qf4 Rg8 32. Qh4+ Kf7 33. Qh5+
Rg6 34. Qxh7+ Rg7 35. Qh5+ Kg8 36. Re1 Qd1 0-1

[Event "Cto Aragón Equipos  Div Honor F. Titulo"]
[Site "Aragon"]
[Date "2014.03.22"]
[Round "9.1"]
[White "Llanes Luno, Ricardo"]
[Black "Forcen Esteban, Daniel"]
[Result "0-1"]
[WhiteElo "2193"]
[BlackElo "2501"]
[PlyCount "98"]
[EventDate "2014.??.??"]
[WhiteTeam "Delicias"]
[BlackTeam "Jaime Casas"]

1. e4 c5 2. Nf3 e6 3. d4 cxd4 4. Nxd4 a6 5. Nc3 Qc7 6. Bd3 Bc5 7. Nb3 Be7 8.
Qe2 d6 9. f4 Nc6 10. Bd2 Nf6 11. g4 b5 12. g5 Nd7 13. h4 Bb7 14. O-O-O Nc5 15.
Rhe1 b4 16. Nxc5 bxc3 17. Bxc3 dxc5 18. Bxg7 Qxf4+ 19. Kb1 Rg8 20. Bc3 Qxh4 21.
Rh1 Qxg5 22. Rxh7 O-O-O 23. Rxf7 Qg4 24. Rf3 Nd4 25. Bxd4 Rxd4 26. b3 Kb8 27.
Rdf1 Ka7 28. Qh2 Bd6 29. Qh7 Rg7 30. Qh8 Be5 31. Qf8 Rc7 32. Rf7 Kb6 33. a4
Rxd3 34. cxd3 Qe2 35. R7f2 Qxd3+ 36. Ka2 c4 37. Qb4+ Ka7 38. a5 Bd4 39. Rd2
Qxf1 40. Rxd4 cxb3+ 41. Kxb3 Qb1+ 42. Ka3 Qxb4+ 43. Kxb4 Rc1 44. Rd6 Bc8 45.
Rd4 Kb7 46. Rd2 Kc7 47. Rd4 Bb7 48. e5 Bd5 49. Rg4 Kc6 0-1

[Event "Cto Aragón Equipos  Div Honor F. Titulo"]
[Site "Aragon"]
[Date "2014.03.22"]
[Round "9.2"]
[White "Garza Marco, Sergio"]
[Black "Llanes Luno, Pedro Alfredo"]
[Result "1-0"]
[WhiteElo "2447"]
[BlackElo "2127"]
[PlyCount "57"]
[EventDate "2014.??.??"]
[WhiteTeam "Jaime Casas"]
[BlackTeam "Delicias"]

1. d4 d5 2. Bf4 Nf6 3. e3 g6 4. Nf3 Nbd7 5. c4 c6 6. Nc3 Qa5 7. Be2 dxc4 8.
Bxc4 Nb6 9. Bb3 Nbd5 10. Ne5 Be6 11. O-O Nxf4 12. exf4 Nd5 13. Qf3 Rd8 14. Ne4
Bg7 15. Ng5 O-O 16. Rfe1 Qd2 17. Nd3 Bc8 18. Rad1 Qa5 19. Ne5 f6 20. Nc4 Qc7
21. Ne6 Bxe6 22. Rxe6 Nxf4 23. Ne5 Nd5 24. Nd3 Kh8 25. Rde1 Rfe8 26. h4 Rd6 27.
h5 gxh5 28. Qxh5 Qd7 29. Rxd6 1-0

[Event "Cto Aragón Equipos  Div Honor F. Titulo"]
[Site "Aragon"]
[Date "2014.03.22"]
[Round "9.3"]
[White "Naya Sancho, Jose Ignacio"]
[Black "Ramiro Ovejero, Juan Luis"]
[Result "1/2-1/2"]
[WhiteElo "2102"]
[BlackElo "2390"]
[PlyCount "115"]
[EventDate "2014.??.??"]
[WhiteTeam "Delicias"]
[BlackTeam "Jaime Casas"]

1. d4 d5 2. c4 dxc4 3. e3 e5 4. Bxc4 exd4 5. exd4 Nf6 6. Nf3 Bd6 7. O-O O-O 8.
Nc3 Nc6 9. h3 h6 10. Re1 Bf5 11. a3 Re8 12. Rxe8+ Qxe8 13. Be3 Rd8 14. Qd2 Ne4
15. Nxe4 Bxe4 16. Re1 Bxf3 17. Bg5 Be7 18. Bxe7 Rxd4 19. Bc5 Re4 20. Rxe4 Qxe4
21. Bxf7+ Kxf7 22. gxf3 Qf5 23. Qe3 Qxh3 24. Qb3+ Kg6 25. Qd3+ Qf5 26. Qe4 Qxe4
27. fxe4 Kf6 28. f4 g5 29. Be3 gxf4 30. Bxf4 Ne5 31. Bxh6 Nd3 32. Be3 Ke5 33.
b3 Kxe4 34. Bxa7 Nc1 35. b4 Kd5 36. Bc5 Kc4 37. Be7 b5 38. Kg2 Kb3 39. Kf3 Kxa3
40. Ke4 Na2 41. Kd4 Ka4 42. Bd8 c6 43. Kc5 Nxb4 44. Bg5 Nd3+ 45. Kxc6 b4 46.
Kd5 b3 47. Bf6 Kb4 48. Ke4 Nc5+ 49. Ke3 Ka3 50. Ke2 Ka2 51. Kd1 Ne4 52. Bd4 Ka3
53. Kc1 Kb4 54. Kb2 Kc4 55. Bg7 Nc5 56. Bf6 Na4+ 57. Ka3 b2 58. Bxb2 1/2-1/2

[Event "Cto Aragón Equipos  Div Honor F. Titulo"]
[Site "Aragon"]
[Date "2014.03.22"]
[Round "9.4"]
[White "Fontana Sotomayor, Luis Javier"]
[Black "Neila Castillo, Miguel Angel"]
[Result "1-0"]
[WhiteElo "2323"]
[BlackElo "2082"]
[PlyCount "99"]
[EventDate "2014.??.??"]
[WhiteTeam "Jaime Casas"]
[BlackTeam "Delicias"]

1. d4 Nf6 2. Nf3 c5 3. e3 e6 4. Bd3 b6 5. O-O Bb7 6. Nbd2 Nc6 7. c3 d5 8. Qe2
Be7 9. dxc5 Bxc5 10. e4 O-O 11. e5 Nd7 12. b4 Be7 13. Nb3 Qc7 14. Bf4 a5 15. a3
Rac8 16. Rac1 Rfe8 17. Nbd4 Nxd4 18. Nxd4 Nf8 19. Rfe1 axb4 20. axb4 Ra8 21.
Rc2 Rec8 22. Bg3 Qd8 23. f4 Ra3 24. Nb5 Raa8 25. f5 Ba6 26. Nd6 Bxd3 27. Qxd3
Bxd6 28. exd6 Qf6 29. fxe6 fxe6 30. Be5 Qg6 31. Qxg6 hxg6 32. Rce2 b5 33. Bd4
Rd8 34. Bc5 Rd7 35. h3 Kf7 36. Rf1+ Kg8 37. Ref2 Nh7 38. Re2 Ng5 39. Re5 Ne4
40. Rxe6 Nxc3 41. Re7 Rad8 42. Rff7 Rxd6 43. Rxg7+ Kf8 44. Ref7+ Ke8 45. Re7+
Kf8 46. Bd4 Ne4 47. Rgf7+ Kg8 48. Rh7 Kf8 49. Rb7 Nf6 50. Bxf6 1-0

[Event "Cto Aragón Equipos  Div Honor F. Titulo"]
[Site "Aragon"]
[Date "2014.03.22"]
[Round "9.6"]
[White "Accattato Martin, Mario"]
[Black "Glavina, Pablo"]
[Result "1/2-1/2"]
[WhiteElo "2232"]
[BlackElo "2444"]
[PlyCount "20"]
[EventDate "2014.??.??"]
[WhiteTeam "Jaque"]
[BlackTeam "St. Casablanca"]

1. e4 e5 2. Nf3 Nc6 3. Bb5 a6 4. Bxc6 dxc6 5. Nc3 Bd6 6. d4 exd4 7. Qxd4 f6 8.
Be3 Ne7 9. O-O-O O-O 10. h4 Qe8 1/2-1/2

[Event "Cto Aragón Equipos  Div Honor F. Titulo"]
[Site "Aragon"]
[Date "2014.03.22"]
[Round "9.7"]
[White "Lopez Gracia, Fernando"]
[Black "Gonzalez Gambau, Jorge"]
[Result "1-0"]
[WhiteElo "2354"]
[BlackElo "2123"]
[PlyCount "63"]
[EventDate "2014.??.??"]
[WhiteTeam "St. Casablanca"]
[BlackTeam "Jaque"]

1. d4 d5 2. c4 c6 3. cxd5 cxd5 4. Nf3 Nf6 5. Nc3 Nc6 6. Bf4 Ne4 7. e3 Nxc3 8.
bxc3 e6 9. Bd3 Bd6 10. Bxd6 Qxd6 11. O-O O-O 12. Re1 Bd7 13. e4 dxe4 14. Rxe4
f5 15. Re3 Ne7 16. c4 Nc6 17. c5 Qf4 18. Bc4 Rae8 19. Qb3 Na5 20. Qc3 b6 21.
Ne5 Bc8 22. c6 Rd8 23. Rd1 Rd6 24. Bf1 Rfd8 25. c7 Rf8 26. Qb4 Rd5 27. g3 Qh6
28. Bg2 f4 29. Rc3 fxg3 30. hxg3 Qh5 31. Re1 Bb7 32. Bxd5 1-0

[Event "Cto Aragón Equipos  Div Honor F. Titulo"]
[Site "Aragon"]
[Date "2014.03.22"]
[Round "9.8"]
[White "Uldemolins Nivela, Mateo"]
[Black "Quintin Navarro, Alberto"]
[Result "1/2-1/2"]
[WhiteElo "1828"]
[BlackElo "2320"]
[PlyCount "90"]
[EventDate "2014.??.??"]
[WhiteTeam "Jaque"]
[BlackTeam "St. Casablanca"]

1. e4 c5 2. Nc3 Nc6 3. g3 g6 4. Bg2 Bg7 5. d3 d6 6. f4 e6 7. Nf3 Nge7 8. O-O
O-O 9. Be3 b6 10. d4 Bb7 11. dxc5 dxc5 12. e5 Nf5 13. Bf2 Qe7 14. Ne4 Rad8 15.
Qe2 Ncd4 16. Nxd4 Nxd4 17. Bxd4 Rxd4 18. Rfd1 Rfd8 19. c3 Ba6 20. Qe1 R4d7 21.
Bf3 Rd3 22. Bg2 Bb7 23. Rxd3 Rxd3 24. Rd1 Rd7 25. Rxd7 Qxd7 26. Qd2 Qxd2 27.
Nxd2 Bc8 28. Ne4 Kf8 29. Kf2 Ke7 30. Bf1 Bd7 31. Ke3 h6 32. h4 Kd8 33. Nd6 Ke7
34. Ne4 Bf8 35. Be2 Kd8 36. h5 Bc6 37. Bg4 Bd5 38. b3 c4 39. b4 Be7 40. Kd4
Bxe4 41. Kxe4 gxh5 42. Bxh5 f6 43. b5 f5+ 44. Ke3 Bc5+ 45. Ke2 Kd7 1/2-1/2

[Event "Cto Aragón Equipos  Div Honor F. Titulo"]
[Site "Aragon"]
[Date "2014.03.22"]
[Round "9.9"]
[White "Del Rey, Diego"]
[Black "Villuendas Valero, Adrian"]
[Result "0-1"]
[WhiteElo "2373"]
[BlackElo "2276"]
[PlyCount "96"]
[EventDate "2014.??.??"]
[WhiteTeam "El Olivar"]
[BlackTeam "St. Casablanca B"]

1. d4 e6 2. e4 d5 3. e5 c5 4. c3 Qb6 5. Nf3 Nc6 6. Be2 Bd7 7. O-O Nh6 8. b3
cxd4 9. cxd4 Nf5 10. Be3 Nxe3 11. fxe3 Be7 12. Nc3 Qa5 13. Qd3 Rc8 14. Rfc1 Ba3
15. Nb5 Bxc1 16. Nd6+ Ke7 17. Rxc1 Nxe5 18. Nxc8+ Rxc8 19. Qd1 Nxf3+ 20. Bxf3
Qxa2 21. Rxc8 Bxc8 22. Qd3 Qa5 23. Kf2 f5 24. Qc2 Bd7 25. g4 g6 26. g5 Kd8 27.
Qb2 Qb4 28. Qc2 a5 29. h4 Qd6 30. Kg2 Qc7 31. Qb2 Bb5 32. Qa3 Ke8 33. Qb2 Bd3
34. Bd1 Bb5 35. Qd2 b6 36. Bf3 Qe7 37. Qc3 Kd7 38. Bd1 Qa3 39. Qc2 Qb4 40. Qf2
Bd3 41. h5 b5 42. Kh3 a4 43. bxa4 bxa4 44. Qa2 a3 45. Bb3 Bc4 46. Bxc4 dxc4 47.
Qg2 Qb3 48. Kh4 Qb2 0-1

[Event "Cto Aragón Equipos  Div Honor F. Titulo"]
[Site "Aragon"]
[Date "2014.03.22"]
[Round "9.10"]
[White "Gomez Anadon, Daniel"]
[Black "Chueca Forcen, Alberto"]
[Result "1-0"]
[WhiteElo "2244"]
[BlackElo "2326"]
[PlyCount "100"]
[EventDate "2014.??.??"]
[WhiteTeam "St. Casablanca B"]
[BlackTeam "El Olivar"]

1. c4 e5 2. g3 Nc6 3. Bg2 g6 4. Nc3 Bg7 5. d3 d6 6. e3 f5 7. Nge2 Nf6 8. O-O
O-O 9. b3 Be6 10. Ba3 Re8 11. Rc1 d5 12. cxd5 Nxd5 13. Na4 Nce7 14. Nc5 Bc8 15.
e4 fxe4 16. dxe4 Nf6 17. Qxd8 Rxd8 {negras ofrecen tablas} 18. Nxb7 Bxb7 19.
Bxe7 Rd2 20. Nc3 Re8 21. Bxf6 Bxf6 22. Nd5 Bxd5 23. exd5 Bd8 24. a4 Rf8 25. Rc6
Rb2 26. Ra6 Rxb3 27. Rxa7 Rb2 28. h4 Kg7 29. a5 Kh6 30. Be4 Ra2 31. f3 Rf7 32.
Rf2 Ra1+ 33. Kg2 Rd7 34. Rc2 Be7 35. Rcxc7 Rxc7 36. Rxc7 Bd8 37. Rd7 Bxa5 38.
g4 Bd2 39. g5+ Bxg5 40. hxg5+ Kxg5 41. Rxh7 Kf4 42. Rf7+ Ke3 43. d6 g5 44. d7
Rd1 45. Bf5 Rd2+ 46. Kg3 Rd1 47. Kg4 Rd4+ 48. Kxg5 e4 49. fxe4 Rd2 50. Rf8 Kd4
1-0

[Event "Cto Aragón Equipos  Div Honor F. Titulo"]
[Site "Aragon"]
[Date "2014.03.22"]
[Round "9.11"]
[White "Palacios Latasa, Elias"]
[Black "Antonano Fedz-Quincoces, Aveli"]
[Result "1-0"]
[WhiteElo "2232"]
[BlackElo "2047"]
[PlyCount "66"]
[EventDate "2014.??.??"]
[WhiteTeam "El Olivar"]
[BlackTeam "St. Casablanca B"]

1. e4 c5 2. Nf3 g6 3. d4 cxd4 4. Nxd4 Bg7 5. Nc3 Nc6 6. Be3 Nf6 7. Bc4 Qa5 8.
O-O O-O 9. Nb3 Qc7 10. Be2 a6 11. f4 d6 12. Qd2 Be6 13. f5 Bxb3 14. axb3 Ne5
15. Bh6 b5 16. Bxg7 Kxg7 17. Bd3 Nxd3 18. cxd3 d5 19. Rae1 dxe4 20. dxe4 Ng4
21. Rf4 h5 22. Nd5 Qc5+ 23. Kh1 e6 24. b4 Qd6 25. Qc3+ Kh7 26. Rxg4 exd5 27. e5
Qd7 28. Rg5 Qe7 29. h4 Rac8 30. Qd3 Qxb4 31. fxg6+ Kh6 32. Qg3 Rc4 33. Rxh5+
Kg7 {negras abandonan sin esperar respuesta} 1-0